000 01204nam0a22002651 4500
001 rc\3243552
005 20260406170225.0
021 _aRU
_b[69-20857]
035 _a(NLR Aleph) 007476753
090 _a7473208
_c7473208
100 _a20130115d1969 |||y0rusy50 ca
101 0 _arus
102 _aRU
105 _ay z |||||
200 1 _aХозяйственно-правовые вопросы управления промышленностью
_e[Сборник статей]
_fПод общ. ред. д-ра юрид. наук В.К. Мамутова
_gАН УССР. Донецкое отд-ние экон.-пром. исследований Ин-та экономики
210 _aДонецк
_cБ. и.
_d1969
215 _a297 с.
_d20
606 _aПромышленность СССР
_xУправление
_xПравовые основы
_jСборники
_2psbo
702 1 _aМамутов
_bВ.К.
_gВалентин Карлович
_4340
712 0 2 _aИнститут экономики
_cКиев
_bДонецкое отделение
_3RU\NLR\AUTH\889937509
_9369845
801 0 _aRU
_bNLR
_gpsbo
801 1 _aRU
_bELAR
_2rusmarc
852 _aNLR
_j69-3/2740
942 _cBOOK
980 _aNB